Statistics for Famous People from the 14th Century AD

Click here to take the quiz!

General Stats

  • This quiz has been taken 52 times
  • The average score is 6 of 16

Answer Stats

HintAnswer% Correct
Author of the Canterbury TalesGeoffrey Chaucer
90%
"Black Prince" of England, involved in the 100 Years WarEdward
74%
King of Scotland, who won his independence from EnglandRobert the Bruce
64%
Insanely rich King of Mali, who showed of his wealth on his Hajj, which caused an economic crisis in the regions he visitedMansa Musa
57%
Central Asian conqueror of Iran, Iraq and parts of India and Pakistan, known for his cruelty and lame legTimur
52%
Moroccon scholar and explorer, who travelled through the World from Mali to ChinaIbn Battuta
43%
HRE Emperor and King of Bohemia from the House of Luxembourg, who made Prague the "Golden City"Charles IV
33%
Founder of a Turkic Empire, which controlled most of the Balkans and the Middle East for the next centuriesOsman I
31%
Queen of Denmark, who founded the Kalmar Union with Norway and SwedenMargaret I
29%
King of Poland, who doubled the Size of his Kingdom, legal reformer, tolerant towards Jews, who could settle Poland in great numbersCasimir III
24%
Founder of Lollardism, who translated the Bible to EnglishJohn Wycliffe
24%
King of Serbia, who conquered Epirus and Thessaly and enacted the Serbian ConstitutionStefan Dušan
10%
First Emperor of the Ming dynastyHongwu
7%
Author of the "Romance of the Three Kingdoms" and editor of "Water Margin"Luo Guanzhong
7%
Iranian poet, regarded as the greatest iranian poet of all timesHafez
5%
Sultan who greatly extended the Delhi Sultanate, which controlled most of India, build the Qutb MinarAlauddin Khalji
0%

Score Distribution

Percentile by Number Answered

Percent of People with Each Score

Your Score History

You have not taken this quiz